000 00422cam a2200169ua 4500
020 _c2.50
041 _amal
_h
082 _a954
_bTHO/BH
100 _aThomas, P .
245 _aBharathiya samskarika samrajya charithram /
_cP Thomas.
_hTextual Documents
260 _aGreenvilla :
_bEvergreen publications ,
_c1964.
300 _a186 ; .
365 _a2.50
504 _a
942 _cBK
999 _c5141
_d5141